00000000nam##2200000za#4500
0019.617409
003CaOODSP
00520210615102147
007ta
008150406|2005||||xxc|||||     f|0| 0 eng|d
022 |a0706-6457
040 |aCaOODSP|beng
043 |an-cn---
0861 |aFs97-6/2588E
1101 |aCanada. |bDepartment of Fisheries and Oceans.
24510|aInput data and parameter estimates for ecosystem models of the northern Gulf of St. Lawrence (2000-2002) / |cby Claude Savenkoff ... [et al.]
260 |aMont-Joli - Quebec : |bFisheries and Oceans Canada |c2005.
300 |av, 91p. : |bgraphs, map, references, tables ; |c28 cm.
4901 |aCanadian technical report of fisheries and aquatic sciences|x0706-6457|v2588
500 |aOn cover: Ministère Pêches et Océans, Direction générale des Sciences, Insitut Maurice-Lamontagne, C.P. 1000, Mont-Joli, Québec Canada G5H 3Z4
5203 |aThis report is part of a series containing scientific and technical information that widens existing scientific knowledge but is not considered appropriate for publication in the primary literature. The research covers such subjects as ecosystem models, methods for enhancing aquaculture, commercial fishing equipment, and environmental threats to aquatic quality and fisheries resources. Includes tables, graphs, and charts.
546 |a(Résumé en français.)
563 |aSoftcover
590 |a05-24|b2005-06-17
69007|aFisheries|2gcpds
7201 |aSavenkoff, Claude
7760#|tInput data and parameter estimates for ecosystem models of the northern Gulf of St. Lawrence (2000-2002) / |w(CaOODSP)9.574176
830#0|aCanadian technical report of fisheries and aquatic sciences,|x0706-6457|v2588|w(CaOODSP)9.514691